| 000 | 01888nam0a22003251 4500 | ||
|---|---|---|---|
| 001 | rc\3384529 | ||
| 005 | 20260407152428.0 | ||
| 021 |
_aRU _b71-61708 |
||
| 021 |
_aRU _bРг14676-72 |
||
| 035 | _a(NLR Aleph) 007454240 | ||
| 090 |
_a7248537 _c7248537 |
||
| 100 | _a20130115d1971 |||y0rusy50 ca | ||
| 101 | 0 | _arus | |
| 102 | _aRU | ||
| 105 | _ay z ||||| | ||
| 200 | 1 |
_aОсновные направления интеграции в условиях концентрации и специализации сельскохозяйственного производства в СССР _e[Докл. сов. делегации на XI Науч.-метод. совещаний представителей науч.-исслед. ин-тов экономики сел. хоз-ва соц. стран] _fМ-во с. х. СССР |
|
| 210 |
_aМосква _cБ. и. _d1971 |
||
| 215 |
_a22 с. _d21 |
||
| 300 | _aНа обороте тит. л.: подгот. Н. Александров, И. Лукинов, В. Крестовский | ||
| 700 | 1 |
_7ca _8rus _aАлександров _bН. П. _cд-р экон. наук, сельское хоз-во _f1905-1986 _gНиколай Павлович _92641286 _3RU\NLR\AUTH\770273056 |
|
| 701 | 1 |
_aКрестовский _bВ. _4070 |
|
| 701 | 1 |
_aЛукинов _bИ. |
|
| 712 | 0 | 1 |
_aСССР _bМинистерство сельского хозяйства _3RU\NLR\AUTH\889924226 _9344336 |
| 712 | 1 | 2 |
_aНаучно-методическое совещание представителей институтов экономики сельского хозяйства стран социалистического лагеря _d11 _f1971 _bСоветская делегация _3RU\NLR\AUTH\8810092730 _9686745 |
| 801 | 0 |
_aRU _bNLR _gpsbo |
|
| 801 | 1 |
_aRU _bELAR _2rusmarc |
|
| 852 |
_aNLR _j72-4/27666 |
||
| 942 | _cBOOK | ||
| 980 | _aNB | ||